Prose models / (رقم التسجيلة. 39767)

تفاصيل مارك
000 -الفاتح
حقل البيانات ثابتة الطول 00802cam a2200241 a 4500
003 - محدد رقم الضبط
رقم الضبط OSt
005 - وقت وتاريخ اخر تعامل مع التسجيلة
رقم الضبط 20161216165938.0
008 - عناصر البيانات ثابتة الطول - معلومات عامة
حقل البيانات ثابتة الطول 010308s2001 txu 001 0 eng
020 ## - الرقم الدولى المعيارى للكتب
الرقم الدولى المعيارى للكتاب 9780155064041
040 ## - مصدر الفهرسة
وكالة الفهرسة الأصلية DLC
وكالة النسخ DLC
وكالة التعديل DLC
لغة الفهرسة ara
082 00 - رقم تصنيف ديوى العشرى
رقم التصنيف 808.0427
رقم الطبعة 21
رقم المادة PRM
245 00 - بيان العنوان
العنوان Prose models /
بيان المسئوليه,etc [compiled by] Gerald Levin.
250 ## - بيان الطبعة
بيان الطبعة 11th ed.
260 ## - PUBLICATION, DISTRIBUTION, ETC. (IMPRINT)
مكان الناشر او الموزع Fort Worth :
اسم الناشر او الموزع Harcourt College Publishers,
تاريخ النشر أو التوزيع c2001.
300 ## - الوصف المادى
التعداد xxix, 610 p. ;
أبعاد الوعاء 21 cm.
500 ## - تبصرة عامة
تبصرة عامة Includes index.
504 ## - تبصرة ببليوجرافية
تبصرة ببليوجرافية,الخ يشتمل علي إرجاعات ببليوجرافية.
650 #0 - المدخل الاضافى بالموضوع-مصطلح موضوعى
مصطلح موضوعي أو اسم جغرافي كعنصر مدخل College readers.
9 (RLIN) 57281
650 #0 - المدخل الاضافى بالموضوع-مصطلح موضوعى
مصطلح موضوعي أو اسم جغرافي كعنصر مدخل English language
التقسيم الفرعي العام Rhetoric
التقسيم الفرعي الشكلي Problems, exercises, etc.
9 (RLIN) 57282
650 #0 - المدخل الاضافى بالموضوع-مصطلح موضوعى
مصطلح موضوعي أو اسم جغرافي كعنصر مدخل Report writing
التقسيم الفرعي الشكلي Problems, exercises, etc.
9 (RLIN) 57283
700 1# - المدخل الاضافى - اسم شخصى
الإسم الشخصى Levin, Gerald Henry,
التواريخ المصاحبة للاسم 1929-
9 (RLIN) 5049
942 ## - عناصر المدخل الإضافي( كوها)
Koha [default] item type كتاب
المقتنيات
حالة الفقد نموذج السعر الفعال حالة تلف ليس للاعارة رقم الطلب تاريخ الاكتساب الموقع الحالي الباركود الفرع الرئيسي Date last seen نوع المادة فى نظام كوها مصدر التصنيف او خطة الترفيف Total Checkouts
  2016-12-16     808.0427 PRM 2016-12-16 المكتبة المركزية بالمجمعة (CL) 00655351 المكتبة المركزية بالمجمعة (CL) 2016-12-16 كتاب Dewey Decimal Classification  
  2016-12-16     808.0427 PRM 2016-12-16 المكتبة المركزية بالمجمعة (CL) 00655352 المكتبة المركزية بالمجمعة (CL) 2016-12-16 كتاب Dewey Decimal Classification  
  2016-12-16     808.0427 PRM 2016-12-16 المكتبة المركزية بالمجمعة (CL) 00655353 المكتبة المركزية بالمجمعة (CL) 2016-12-16 كتاب Dewey Decimal Classification  
  2016-12-17     808.0427 PRM 2016-12-17 مكتبة كلية التمريض - طلاب (CNM) 00655559 مكتبة كلية التمريض - طلاب (CNM) 2016-12-17 كتاب Dewey Decimal Classification  
  2016-12-17     808.0427 PRM 2016-12-17 مكتبة كلية التمريض - طلاب (CNM) 00655560 مكتبة كلية التمريض - طلاب (CNM) 2016-12-17 كتاب Dewey Decimal Classification